[Event "Netanya Open 2019"]
[Site "Netanya"]
[Date "2019.07.01"]
[Round "8.60"]
[White "Kopaloff, Liam"]
[Black "Sheinkman, Lidan"]
[Result "0-1"]
[WhiteElo "1545"]
[BlackElo "1863"]
[PlyCount "66"]
[EventDate "2019.06.23"]
[EventType "swiss"]
[EventRounds "9"]
[EventCountry "ISR"]
[TimeControl "40/5400+30:1800+30"]

1. d4 Nf6 2. c4 e5 3. dxe5 Ng4 4. Bf4 Nc6 5. Nf3 Bb4+ 6. Nc3 Qe7 7. Qd5 Bxc3+ 8. bxc3 f6 9. exf6 Nxf6 10. Qd3 d6 11. e3 O-O 12. Be2 Be6 13. Nd4 Ne5 14. Bxe5 dxe5 15. Nxe6 Qxe6 16. O-O Rfd8 17. Qc2 Nd7 18. Rfd1 Nc5 19. Rab1 b6 20. Rd2 a5 21. Bf3 e4 22. Be2 Qf6 23. Rd4 Rf8 24. f4 exf3 25. Bxf3 Rae8 26. e4 Qg5 27. Kh1 Qe3 28. Qc1 Rxf3 29. gxf3 Qxf3+ 30. Kg1 Re6 31. Rd5 Nxe4 32. Rd8+ Kf7 33. Rd7+ Kf8 0-1

[Event "Netanya Open 2019"]
[Site "Netanya"]
[Date "2019.07.01"]
[Round "8.61"]
[White "Fudim, Ariel"]
[Black "Segev, Ido"]
[Result "1-0"]
[WhiteElo "1768"]
[BlackElo "1382"]
[PlyCount "77"]
[EventDate "2019.06.23"]
[EventType "swiss"]
[EventRounds "9"]
[EventCountry "ISR"]
[TimeControl "40/5400+30:1800+30"]

1. d4 g6 2. c4 Bg7 3. Nc3 c5 4. d5 Bxc3+ 5. bxc3 f5 6. Nf3 d6 7. g3 Qa5 8. Qb3 Bd7 9. Bb2 b5 10. cxb5 Bxb5 11. e3 Bd7 12. Nd2 Nf6 13. c4 Ne4 14. Qd3 Qxd2+ 15. Qxd2 Nxd2 16. Bxh8 Ne4 17. f3 Ng5 18. Kf2 Na6 19. a3 Rb8 20. Be2 Kf7 21. Bc3 Rb3 22. h4 Nxf3 23. Kxf3 Rxc3 24. Rhb1 Bc8 25. Rc1 Rb3 26. Bd1 Rb2 27. Rc2 Rb3 28. Ke2 Nc7 29. Kd2 Ba6 30. Rca2 Rb8 31. Kc3 e6 32. dxe6+ Kxe6 33. Bf3 Ke5 34. Rd2 Ne6 35. Rd5+ Kf6 36. Rxd6 Bc8 37. Bd5 Ke5 38. Rc6 Bb7 39. Rxe6# 1-0

[Event "Netanya Open 2019"]
[Site "Netanya"]
[Date "2019.07.01"]
[Round "8.62"]
[White "Fudim, Basya"]
[Black "Sobel, Ido"]
[Result "0-1"]
[WhiteElo "1332"]
[BlackElo "1606"]
[PlyCount "54"]
[EventDate "2019.06.23"]
[EventType "swiss"]
[EventRounds "9"]
[EventCountry "ISR"]
[TimeControl "40/5400+30:1800+30"]

1. d4 e6 2. Bf4 d5 3. Nf3 Nf6 4. e3 c5 5. c3 Nc6 6. Bd3 Qb6 7. b3 Bd7 8. O-O Rc8 9. Re1 Qa5 10. dxc5 Qxc5 11. c4 Be7 12. Bf1 dxc4 13. Bxc4 b5 14. Bf1 Nd5 15. Bg5 Bxg5 16. Nxg5 Nf6 17. Nf3 e5 18. a4 bxa4 19. bxa4 O-O 20. Na3 Rfd8 21. Bc4 Na5 22. Bf1 Bg4 23. Qe2 e4 24. h3 exf3 25. gxf3 Bf5 26. Bg2 Nb3 27. Ra2 Nc1 0-1

[Event "Netanya Open 2019"]
[Site "Netanya"]
[Date "2019.07.01"]
[Round "8.63"]
[White "Scheinfeild, Michael"]
[Black "Mendler, Omer"]
[Result "1-0"]
[WhiteElo "1582"]
[BlackElo "1231"]
[PlyCount "53"]
[EventDate "2019.06.23"]
[EventType "swiss"]
[EventRounds "9"]
[EventCountry "ISR"]
[TimeControl "40/5400+30:1800+30"]

1. e4 e5 2. f4 exf4 3. Nf3 Be7 4. Bc4 Bh4+ 5. Kf1 d6 6. d4 Bg4 7. Bxf4 Nc6 8. c3 Bh5 9. Nbd2 g5 10. Bg3 Bxg3 11. hxg3 Nf6 12. b4 Qe7 13. b5 Na5 14. Bd3 O-O-O 15. Qa4 b6 16. e5 dxe5 17. Bf5+ Kb8 18. Nxe5 Bg6 19. Ndc4 Bxf5 20. Nxa5 Bd3+ 21. Kg1 Bxb5 22. Nac6+ Kc8 23. Nxe7+ Kb8 24. Qxb5 Rhf8 25. N5c6+ Ka8 26. Qa6 Rxd4 27. Qxa7# 1-0

[Event "Netanya Open 2019"]
[Site "Netanya"]
[Date "2019.07.01"]
[Round "8.64"]
[White "Schnaidman, Itzhak"]
[Black "Sivan, Guy"]
[Result "1-0"]
[WhiteElo "1474"]
[BlackElo "1246"]
[PlyCount "95"]
[EventDate "2019.06.23"]
[EventType "swiss"]
[EventRounds "9"]
[EventCountry "ISR"]
[TimeControl "40/5400+30:1800+30"]

1. d4 Nf6 2. c4 g6 3. Nc3 Bg7 4. e4 d6 5. Nf3 O-O 6. Be2 e5 7. O-O a5 8. Bg5 h6 9. Bxf6 Qxf6 10. dxe5 dxe5 11. Nd5 Qd8 12. Qc1 Nd7 13. Rd1 c6 14. Ne3 Qb6 15. Rd6 Qc5 16. Qd2 Rd8 17. Rd1 Bf8 18. Rd3 Re8 19. Ng4 h5 20. Nh6+ Kg7 21. Nf5+ Kh7 22. Ng5+ Kg8 23. Nd6 Bxd6 24. Rxd6 Nb6 25. b3 Kg7 26. Rd3 f6 27. Nf3 Be6 28. Nh4 Qe7 29. Rg3 g5 30. Nf5+ Bxf5 31. exf5 Rad8 32. Rd3 Rxd3 33. Qxd3 h4 34. Qd6 Qf7 35. Qc5 Qc7 36. Qxa5 Ra8 37. Qd2 Qe7 38. Bf3 Qa3 39. h3 Qxa2 40. Qxa2 Rxa2 41. c5 Nd5 42. Bxd5 cxd5 43. Rxd5 Kf8 44. Rd7 Ra1+ 45. Kh2 Ra2 46. Rxb7 Rxf2 47. c6 Ke8 48. Rb8+ 1-0

[Event "Netanya Open 2019"]
[Site "Netanya"]
[Date "2019.07.01"]
[Round "8.65"]
[White "Kinberg, Raz"]
[Black "Khairova, Evelina"]
[Result "1-0"]
[WhiteElo "1385"]
[BlackElo "1501"]
[PlyCount "49"]
[EventDate "2019.06.23"]
[EventType "swiss"]
[EventRounds "9"]
[EventCountry "ISR"]
[TimeControl "40/5400+30:1800+30"]

1. e4 e6 2. b3 d5 3. Bb2 dxe4 4. Nc3 Nf6 5. g4 h6 6. Bg2 Be7 7. Nxe4 O-O 8. d3 Nc6 9. h3 Bd7 10. Ne2 Re8 11. Qd2 Nxe4 12. Bxe4 Bf6 13. d4 Qe7 14. O-O-O Qd6 15. f4 Qe7 16. Rdg1 g5 17. Kb1 Kh8 18. h4 Kg8 19. hxg5 hxg5 20. Qe3 gxf4 21. Nxf4 Bg7 22. Nh5 Nd8 23. Nxg7 Kxg7 24. Qh6+ Kg8 25. Qh8# 1-0

[Event "Netanya Open 2019"]
[Site "Netanya"]
[Date "2019.07.01"]
[Round "8.66"]
[White "Lomakin, Vladimir"]
[Black "Usha Margolin, Daniel"]
[Result "1-0"]
[WhiteElo "1430"]
[BlackElo "1437"]
[PlyCount "61"]
[EventDate "2019.06.23"]
[EventType "swiss"]
[EventRounds "9"]
[EventCountry "ISR"]
[TimeControl "40/5400+30:1800+30"]

1. e4 e5 2. Nf3 Nc6 3. Bc4 Nf6 4. Nc3 Nxe4 5. Bxf7+ Kxf7 6. Nxe4 d5 7. Nfg5+ Ke8 8. d3 dxe4 9. Nxe4 Bf5 10. Ng3 Bd7 11. O-O Bc5 12. c3 Qf6 13. d4 exd4 14. Qh5+ Qf7 15. Qxc5 Kd8 16. cxd4 h6 17. d5 b6 18. Qc4 Ne7 19. Rd1 Rf8 20. Be3 c6 21. Rac1 Nxd5 22. Qd4 Rc8 23. Ne4 Qe7 24. a4 Re8 25. f3 Rc7 26. Bf2 Kc8 27. Bg3 Rb7 28. Nd6+ Kd8 29. Nxb7+ Kc8 30. Nd6+ Kd8 31. Nxe8 1-0

[Event "Netanya Open 2019"]
[Site "Netanya"]
[Date "2019.07.01"]
[Round "8.67"]
[White "Ben Hemo, Guy"]
[Black "Friedland, Benzi"]
[Result "1-0"]
[WhiteElo "1453"]
[BlackElo "1189"]
[PlyCount "65"]
[EventDate "2019.06.23"]
[EventType "swiss"]
[EventRounds "9"]
[EventCountry "ISR"]
[TimeControl "40/5400+30:1800+30"]

1. e4 d5 2. exd5 Qxd5 3. Nc3 Qa5 4. d4 Bf5 5. Bc4 e6 6. Nf3 Nd7 7. O-O Ngf6 8. Re1 O-O-O 9. Bd2 Bg4 10. h3 Bxf3 11. Qxf3 c6 12. a3 Qc7 13. b4 Nb6 14. Bf1 Rxd4 15. Be3 Rd7 16. b5 Nbd5 17. bxc6 Qxc6 18. Nb5 b6 19. c4 Ne7 20. Be2 Qxf3 21. Bxf3 h6 22. c5 Ned5 23. cxb6 axb6 24. Rec1+ Kb7 25. Rab1 Ka6 26. Rc4 Kb7 27. Bxb6 Kb8 28. Ba7+ Kb7 29. Nd6+ Ka8 30. Bd4 Rb7 31. Nxb7 Be7 32. Nd6 Bd8 33. Ra4+ 1-0

[Event "Netanya Open 2019"]
[Site "Netanya"]
[Date "2019.07.01"]
[Round "8.68"]
[White "Marques, Don"]
[Black "Neeman, Ori"]
[Result "0-1"]
[WhiteElo "1179"]
[BlackElo "1285"]
[PlyCount "92"]
[EventDate "2019.06.23"]
[EventType "swiss"]
[EventRounds "9"]
[EventCountry "ISR"]
[TimeControl "40/5400+30:1800+30"]

1. e4 d5 2. exd5 Qxd5 3. Nc3 Qe5+ 4. Be2 Bg4 5. f3 Bh5 6. d4 Qe6 7. Ne4 Qg6 8. g4 Bxg4 9. Qd3 Bf5 10. Qb5+ Nd7 11. Qxb7 Rb8 12. Qxc7 Bxe4 13. fxe4 Qxe4 14. Nf3 e6 15. Bd2 Bb4 16. Bxb4 Rxb4 17. Qc8+ Ke7 18. Qc3 Qb7 19. b3 Ngf6 20. Qd3 Nd5 21. Qe4 N7f6 22. Qh4 Ne3 23. Kd2 Nf5 24. Qe1 Nxd4 25. Nxd4 Rxd4+ 26. Kc1 Rc8 27. Kb2 Qe4 28. Bd3 Qg2 29. Qe2 Qc6 30. Rac1 Qc3+ 31. Kb1 Nd5 32. Rhd1 Qa5 33. c4 Nc3+ 34. Rxc3 Qxc3 35. Qc2 Qb4 36. Qb2 Rcd8 37. Qc2 a5 38. Kb2 a4 39. a3 Qb7 40. b4 Qf3 41. Kc3 Qf6 42. b5 Rxd3+ 43. Kb4 Rxd1 44. b6 R1d2 45. Qxa4 Rb2+ 46. Ka5 Ra8# 0-1

[Event "Netanya Open 2019"]
[Site "Netanya"]
[Date "2019.07.01"]
[Round "8.69"]
[White "Baran, Yulia"]
[Black "Havakuk, Elad"]
[Result "1-0"]
[WhiteElo "1344"]
[BlackElo "1350"]
[PlyCount "89"]
[EventDate "2019.06.23"]
[EventType "swiss"]
[EventRounds "9"]
[EventCountry "ISR"]
[TimeControl "40/5400+30:1800+30"]

{[%evp 0,62,26,19,29,35,52,30,98,35,123,120,151,75,163,147,206,187,200,156,170,161,179,150,156,111,190,85,114,102,100,108,85,95,130,105,200,167,197,139,165,152,174,150,204,156,218,63,68,112,139,-58,131,44,223,144,236,126,84,105,241,150,160,98,128]} 1. e4 e5 2. Nf3 Nf6 3. d4 exd4 4. e5 Nd5 5. Qxd4 Nb4 6. Qd1 c5 7. a3 N4a6 8. Bc4 Nc6 9. O-O Nc7 10. Nc3 h6 11. Re1 a6 12. Nd5 Be7 13. c3 b5 14. Nxc7+ Qxc7 15. Bd5 Bb7 16. Bf4 g5 17. Bg3 O-O-O 18. Bxf7 h5 19. h3 h4 20. Bh2 Qb6 21. Qe2 Rhf8 22. Bh5 b4 23. c4 Nd4 24. Nxd4 cxd4 25. a4 Qc6 26. Bf3 Qc7 27. Bxb7+ Qxb7 28. b3 Bc5 29. Qd3 Rg8 30. Re4 Rde8 31. Rg4 a5 32. Re1 Qc6 33. Ree4 Qg6 34. f4 Qh6 35. f5 Ref8 36. f6 Qg6 37. Kh1 Kc7 38. Bg1 d6 39. Bxd4 Bxd4 40. Qxd4 dxe5 41. Qxe5+ Kc8 42. Qe6+ Kc7 43. Qe7+ Kc8 44. Qc5+ Kd7 45. Re7+ 1-0

[Event "Netanya Open 2019"]
[Site "Netanya"]
[Date "2019.07.02"]
[Round "9.1"]
[White "Antipov, Mikhail Al."]
[Black "Baron, Tal"]
[Result "1/2-1/2"]
[WhiteElo "2582"]
[BlackElo "2524"]
[Annotator "ChessBase"]
[PlyCount "20"]
[EventDate "2019.06.23"]
[EventType "swiss"]
[EventCountry "ISR"]
[SourceTitle "playchess.com"]
[Source "ChessBase"]
[SourceQuality "1"]
[TimeControl "40/5400+30:1800+30"]

1. e4 {[%emt 0:00:00]} c5 {[%emt 0:00:03]} 2. Nf3 {[%emt 0:00:00]} d6 {[%emt 0:00:03]} 3. d4 {[%emt 0:00:45]} cxd4 {[%emt 0:00:02]} 4. Nxd4 {[%emt 0:00:06]} Nf6 {[%emt 0:00:05]} 5. Nc3 {[%emt 0:00:05]} Nc6 {[%emt 0:00:09]} 6. Bg5 {[%emt 0:12:51]} e6 {[%emt 0:00:35]} 7. Qd2 {[%emt 0:00:45]} a6 {[%emt 0:00:14]} 8. O-O-O {[%emt 0:00:59]} Be7 {[%emt 0:00:35]} 9. Bxf6 {[%emt 0:13:03]} gxf6 {[%emt 0:01:35]} 10. f4 {[%emt 0:00:48]} Bd7 {[%emt 0:02:44]} 1/2-1/2

[Event "Netanya Open 2019"]
[Site "Netanya"]
[Date "2019.07.02"]
[Round "9.2"]
[White "Korobov, Anton"]
[Black "Zubov, Alexander"]
[Result "1/2-1/2"]
[WhiteElo "2687"]
[BlackElo "2597"]
[Annotator "TA"]
[PlyCount "94"]
[EventDate "2019.06.23"]
[EventType "swiss"]
[EventCountry "ISR"]
[SourceTitle "playchess.com"]
[Source "ChessBase"]
[SourceQuality "1"]

{[%evp 19,94,19,48,35,32,17,46,36,33,35,38,29,25,45,47,20,22,35,34,26,38,13,25,21,47,-15,80,0,0,0,0,0,0,0,0,0,0,0,0,0,0,0,17,20,20,20,20,-1,20,20,27,27,27,27,27,20,20,8,8,8,30,35,21,21,21,13,13,13,14,14,14,14,36,14,14,8,8]} 1. d4 d5 2. c4 dxc4 3. Nf3 Nf6 4. e3 e6 5. Bxc4 c5 6. O-O Nc6 7. Nc3 Be7 8. Qe2 cxd4 9. exd4 O-O 10. Rd1 Nd5 11. Qe4 $146 {[%cal Rc3d5] D26: Queen's Gambit Accepted: 4 e3 e6 5 Bxc5 c5 sidelines} (11. Bb3 Re8 12. h4 Bf8 13. Bc2 h6 14. a3 g6 15. h5 g5 16. Bd2 Bg7 17. Qd3 f5 18. Bb3 Kh7 {0-1 (40) Krush,I (2467)-Laznicka,V (2704) Caleta 2012}) ({Predecessor:} 11. Bd3 Bf6 12. Qe4 g6 13. Bh6 Bg7 14. Bxg7 Kxg7 15. Rac1 Qd6 16. Nxd5 exd5 17. Qh4 f6 18. Bb5 Ne7 {1-0 (40) Potkin,V (2580)-Mainka,R (2485) Travemuende 2006}) 11... Nf6 12. Qh4 Nd5 13. Qh3 {White is slightly better.} e5 14. Qg3 Nxc3 15. bxc3 e4 16. Bh6 {[%csl Gh6][%cal Rg3g7]} Bf6 17. Ne5 Ne7 {Strongly threatening ...Nf5.} 18. Bd2 Nd5 19. Bxd5 Qxd5 20. a4 Bxe5 21. dxe5 {And now Bh6! would win.} Rd8 22. h4 ({Better is} 22. h3 $14 Bf5 23. Bh6 Qxd1+ 24. Rxd1 Rxd1+ 25. Kh2) 22... Bf5 {[#]} (22... h5 $11 23. Be3 Qxd1+ 24. Rxd1 Rxd1+ 25. Kh2 Be6) 23. h5 ({White should try} 23. Bh6 $1 $16 {[%csl Gh6][%cal Rg3g7][%mdl 512]} Qxd1+ 24. Rxd1 Rxd1+ 25. Kh2) 23... Qe6 $1 $11 24. Bg5 Rxd1+ 25. Rxd1 Bg4 $1 {[%cal Rg4d1]} 26. Rd6 Qf5 27. Bf6 Qxh5 {[#]} 28. e6 $1 {[%mdl 512]} fxe6 ({Avoid the trap} 28... gxf6 $2 29. e7 $18) 29. Bd4 Qg6 30. Be5 {Hoping for Rd7.} Rf8 31. Rd7 {[%mdl 64] Double Attack} Rf7 32. Rd8+ Rf8 33. Rxf8+ Kxf8 34. Bd4 {Black must now prevent Qf4+.} h5 35. Qb8+ Kf7 36. Qxa7 Bf3 {[%csl Gf3][%cal Rg6g2]} 37. Qxb7+ Kg8 {[%csl Gf3][%cal Rg6g2]} 38. Qb8+ Kh7 $132 {[%csl Gf3][%cal Rg6g2][%mdl 2048] Black is not keeping still} 39. Qg3 Qxg3 (39... Be2 {with more complications.} 40. a5 Qxg3 41. fxg3 g5 42. Kf2 Bd3) 40. fxg3 {[%mdl 4096] Endgame KB-KB} Be2 41. Kf2 Bd3 42. g4 hxg4 43. Ke3 Kg6 44. Kf4 Kf7 45. a5 g3 46. Kxg3 e5 47. Bxe5 e3 $1 {Accuracy: White = 64%, Black = 74%.} 1/2-1/2

[Event "Netanya Open 2019"]
[Site "Netanya"]
[Date "2019.07.02"]
[Round "9.3"]
[White "Moiseenko, Alexander"]
[Black "Rozentalis, Eduardas"]
[Result "1-0"]
[WhiteElo "2642"]
[BlackElo "2540"]
[Annotator "TA"]
[PlyCount "83"]
[EventDate "2019.06.23"]
[EventType "swiss"]
[EventCountry "ISR"]
[SourceTitle "playchess.com"]
[Source "ChessBase"]
[SourceQuality "1"]

{[%evp 12,83,55,66,69,64,56,52,63,27,80,78,92,55,63,73,79,68,81,121,114,111,101,97,107,112,110,103,34,0,0,0,0,0,0,0,0,0,224,223,508,490,470,263,389,354,268,385,316,347,361,349,308,321,325,229,1346,1346,1346,1346,1346,200,155,0,1346,1285,1224,1119,29972,29973,29997,29998,29998,29999]} 1. d4 Nf6 2. c4 e6 3. Nf3 b6 4. a3 Bb7 5. Nc3 g6 6. Qc2 Bxf3 7. exf3 Bg7 {E12: Queen's Indian: Unusual White 4th moves, 4 a3, 4 Nc3 Bb7 5 a3 and 4 Nc3 Bb7} 8. Be3 Nc6 9. O-O-O (9. Rd1 O-O 10. Bd3 Ne7 11. O-O c6 12. Ne2 d5 13. Rc1 Qd7 14. Rfd1 a5 15. Bf4 {½-½ (38) Kempinski,R (2574)-Rapport,R (2726) Germany 2019}) 9... Ne7 {White is slightly better.} 10. g4 d5 (10... c6 $11 {keeps the balance.}) 11. h4 $16 dxc4 $146 ({Predecessor:} 11... h6 12. Be2 dxc4 13. h5 g5 14. Bxc4 c6 15. Kb1 {1-0 (34) Slobodjan,R (2539)-Speelman,J (2623) Lippstadt 2000}) 12. h5 Nfd5 13. Bxc4 Nxc3 14. Qxc3 {Black must now prevent h6.} c6 15. h6 Bf6 16. g5 Nd5 17. Bxd5 $1 cxd5 18. Qc6+ Kf8 {Strongly threatening ...Rc8.} 19. Kb1 $36 {[%mdl 2048] Black is under strong pressure.} (19. gxf6 Rc8 $15) 19... Rc8 20. Qb7 Rc7 21. Qa6 Bxg5 22. f4 Bf6 23. Rc1 {Bd2 is the strong threat.} Ke7 {[#]} 24. f5 $1 {[%mdl 512] And now fxe6 would win.} Rd7 $2 (24... exf5 $2 25. Rxc7+ Qxc7 26. Rc1 $18) (24... Re8 $11) 25. Bd2 $1 $18 {[%cal Rd2b4]} Bxd4 $2 (25... gxf5 $2 26. Bb4+ Ke8 27. Rc8 $18) (25... Qb8) 26. Bb4+ Kf6 27. Qd3 (27. fxe6 $142 fxe6 28. Rh3 (28. Qd3 Bc5 $16)) 27... Bc5 28. fxe6 fxe6 29. Qf3+ $1 ({Weaker is} 29. Bxc5 bxc5 30. Qf3+ (30. Rxc5 Kf7 $15) 30... Ke7 $11) 29... Ke7 {Threatens to win with ...Bxb4.} 30. Rxc5 bxc5 31. Bxc5+ Ke8 {[#]} 32. Re1 $1 {[%mdl 512]} Re7 33. Qg4 Qd7 $2 ({Avoid the trap} 33... Qa5 $2 34. Bb4 $18) (33... Qc8) 34. Bxe7 Kxe7 {[%mdl 4096] Endgame KQR-KQR} 35. Qg5+ Kf7 36. Qf4+ $2 (36. Qe5 Rf8 37. Rc1) 36... Ke7 37. Qg5+ $2 (37. Qb4+ $16 Qd6 38. Qh4+ Kd7 39. Qa4+ {[%mdl 64] Double Attack} Ke7 40. Qxa7+ Qd7 41. Qd4) 37... Kf7 $1 {[#]} 38. Qe5 $1 {[%cal Re5g7] Qg7+ would kill now.} Rf8 {[#]} 39. Rc1 $1 Kg8 40. Rc7 {White mates.} Rf5 {[#]} 41. Rc8+ $1 {[%mdl 512]} Rf8 {[#]} (41... Qxc8 42. Qg7#) 42. Qh8+ $1 {[%mdl 576] Back Rank. Accuracy: White = 80%, Black = 58%.} 1-0

[Event "Netanya Open 2019"]
[Site "Netanya"]
[Date "2019.07.02"]
[Round "9.4"]
[White "Sivuk, Vitaly"]
[Black "Parligras, Mircea-Emilian"]
[Result "1/2-1/2"]
[WhiteElo "2547"]
[BlackElo "2638"]
[Annotator "RC"]
[PlyCount "68"]
[EventDate "2019.06.23"]
[EventType "swiss"]
[EventCountry "ISR"]
[SourceTitle "playchess.com"]
[Source "ChessBase"]
[SourceQuality "1"]
[TimeControl "40/5400+30:1800+30"]

1. c4 {[%emt 0:00:00]} c5 {[%emt 0:00:24]} 2. Nc3 {[%emt 0:00:03]} Nc6 {[%emt 0:00:21]} 3. g3 {[%emt 0:00:25]} g6 {[%emt 0:00:22]} 4. Bg2 {[%emt 0:00:10]} Bg7 {[%emt 0:00:10]} 5. b3 {[%emt 0:00:11]} e5 {[%emt 0:03:25]} 6. Bb2 {[%emt 0:00:19]} Nge7 {[%emt 0:00:08]} 7. e3 {[%emt 0:02:18]} d6 {[%emt 0:02:07]} 8. Nge2 {[%emt 0:00:38]} O-O {[%emt 0:06:34]} 9. d3 {[%emt 0:01:32]} Bf5 {[%emt 0:04:18]} 10. O-O {[%emt 0:06:49]} Qd7 {[%emt 0:01:16]} 11. Qd2 {[%emt 0:30:12]} Bh3 {[%emt 0:02:42]} 12. Nd5 {[%emt 0:09:43]} Bxg2 {[%emt 0:03:09]} 13. Kxg2 {[%emt 0:00:13]} Rae8 {[%emt 0:07:11]} 14. Nxe7+ {[%emt 0:05:41]} Nxe7 {[%emt 0:03:06]} 15. e4 {[%emt 0:01:39]} f5 {[%emt 0:06:38]} 16. f3 {[%emt 0:00:18]} Rf7 {[%emt 0:05:26]} 17. b4 {[%emt 0:04:36]} Ref8 {[%emt 0:03:00]} 18. b5 {[%emt 0:03:11]} h5 {[%emt 0:02:19]} 19. Rae1 {[%emt 0:01:00]} h4 {[%emt 0:05:02]} 20. Ng1 {[%emt 0:01:14]} hxg3 {[%emt 0:02:00]} 21. hxg3 {[%emt 0:00:07]} f4 {[%emt 0:00:05]} 22. g4 {[%emt 0:02:22]} Bf6 {[%emt 0:01:12]} 23. Ne2 {[%emt 0:28:49]} Bh4 {[%emt 0:40:35]} 24. Ra1 {[%emt 0:00:30]} Rh7 {[%emt 0:00:30]} 25. Rh1 {[%emt 0:00:30]} Kf7 {[%emt 0:00:30]} 26. Rh3 {[%emt 0:00:30]} Rfh8 {[%emt 0:00:30]} 27. Rah1 {[%emt 0:00:30]} g5 {[%emt 0:00:30]} 28. Nc3 {[%emt 0:00:00]} Ng6 {[%emt 0:00:00]} 29. Nd5 {[%emt 0:00:00]} b6 {[%emt 0:01:00]} 30. Bc3 {[%emt 0:00:00]} Ke6 {[%emt 0:00:00]} 31. Kf1 {[%emt 0:00:00]} Bg3 {[%emt 0:00:00]} 32. Rxh7 {[%emt 0:00:00]} Rxh7 {[%emt 0:00:00]} 33. Rxh7 {[%emt 0:00:00]} Qxh7 {[%emt 0:00:00]} 34. Qg2 {[%emt 0:00:00]} Ne7 {[%emt 0:00:00]} 1/2-1/2

[Event "Netanya Open 2019"]
[Site "Netanya"]
[Date "2019.07.02"]
[Round "9.5"]
[White "Dvoirys, Semen I."]
[Black "Efimenko, Zahar"]
[Result "1/2-1/2"]
[WhiteElo "2502"]
[BlackElo "2632"]
[Annotator "RC"]
[PlyCount "26"]
[EventDate "2019.06.23"]
[EventType "swiss"]
[EventCountry "ISR"]
[SourceTitle "playchess.com"]
[Source "ChessBase"]
[SourceQuality "1"]
[TimeControl "40/5400+30:1800+30"]

1. e4 {[%emt 0:00:00]} g6 {[%emt 0:00:19]} 2. d4 {[%emt 0:00:00]} Bg7 {[%emt 0:00:10]} 3. Nc3 {[%emt 0:00:00]} d6 {[%emt 0:00:25]} 4. Be3 {[%emt 0:00:00]} a6 {[%emt 0:00:17]} 5. Qd2 {[%emt 0:01:56]} b5 {[%emt 0:02:32]} 6. Nge2 {[%emt 0:02:54]} Nd7 {[%emt 0:01:56]} 7. d5 {[%emt 0:03:30]} Ne5 {[%emt 0:17:44]} 8. Nd4 {[%emt 0:00:30]} Bd7 {[%emt 0:00:17]} 9. f4 {[%emt 0:27:05]} c5 {[%emt 0:01:27]} 10. dxc6 {[%emt 0:05:48]} Nxc6 {[%emt 0:01:36]} 11. Nd5 {[%emt 0:02:35]} Rb8 {[%emt 0:05:09]} 12. Be2 {[%emt 0:04:39]} Nf6 {[%emt 0:12:31]} 13. Bf3 {[%emt 0:00:13]} O-O {[%emt 0:08:44]} 1/2-1/2

[Event "Netanya Open 2019"]
[Site "Netanya"]
[Date "2019.07.02"]
[Round "9.7"]
[White "Mikhalevski, Victor"]
[Black "Shubin, Kirill"]
[Result "1-0"]
[WhiteElo "2579"]
[BlackElo "2426"]
[Annotator "ChessBase"]
[PlyCount "51"]
[EventDate "2019.06.23"]
[EventType "swiss"]
[EventCountry "ISR"]
[SourceTitle "playchess.com"]
[Source "ChessBase"]
[SourceQuality "1"]
[TimeControl "40/5400+30:1800+30"]

1. d4 {[%emt 0:00:54]} e6 {[%emt 0:00:00]} 2. c4 {[%emt 0:00:08]} Nf6 {[%emt 0:00:00]} 3. Nf3 {[%emt 0:00:11]} b6 {[%emt 0:00:00]} 4. Nc3 {[%emt 0:00:12]} Bb7 {[%emt 0:00:00]} 5. a3 {[%emt 0:00:10]} Ne4 {[%emt 0:00:00]} 6. Nxe4 {[%emt 0:00:12]} Bxe4 {[%emt 0:00:01]} 7. Bf4 {[%emt 0:00:12]} d6 {[%emt 0:01:15]} 8. e3 {[%emt 0:00:26]} Be7 {[%emt 0:00:12]} 9. Bd3 {[%emt 0:00:12]} Bb7 {[%emt 0:00:04]} 10. Qc2 {[%emt 0:00:32]} Nd7 {[%emt 0:00:06]} 11. Bg3 {[%emt 0:01:33]} Bf6 {[%emt 0:08:08]} 12. Rd1 {[%emt 0:04:10]} Qe7 {[%emt 0:10:47]} 13. b4 {[%emt 0:04:03]} h5 {[%emt 0:03:59]} 14. c5 {[%emt 0:10:50]} bxc5 {[%emt 0:02:02]} 15. dxc5 {[%emt 0:00:17]} Bxf3 {[%emt 0:00:37]} 16. gxf3 {[%emt 0:01:38]} e5 {[%emt 0:00:09]} 17. Bb5 {[%emt 0:19:11]} O-O {[%emt 0:16:00]} 18. Qf5 {[%emt 0:00:48]} Nxc5 {[%emt 0:03:09]} 19. bxc5 {[%emt 0:01:52]} h4 {[%emt 0:00:03]} 20. Bc4 {[%emt 0:04:42]} Rad8 {[%emt 0:03:44]} 21. f4 {[%emt 0:01:30]} Rfe8 {[%emt 0:09:02]} 22. Qh5 {[%emt 0:01:29]} Rb8 {[%emt 0:15:35]} 23. c6 {[%emt 0:16:21]} hxg3 {[%emt 0:01:24]} 24. hxg3 {[%emt 0:00:10]} g6 {[%emt 0:00:03]} 25. Qh7+ {[%emt 0:02:53]} Kf8 {[%emt 0:00:11]} 26. Rh6 {[%emt 0:00:07]} 1-0